| 000 | 00879nam a2200253 i 4500 | ||
|---|---|---|---|
| 001 | bg | ||
| 100 | 1 | _aMELLER, Elżbieta | |
| 245 | 1 | 0 |
_aĆwiczenia z analizy tolerancji / _cElżbieta Meller, Andrzej Meller ; Politechnika Gdańska. |
| 250 | _aWyd. [5] zm. i popr. | ||
| 260 |
_aGdańsk : _bWydaw. PG, _c1995 _e(Pozn.). |
||
| 300 |
_a162 s., [2] k. tabl. złoż. : _brys., wykr. ; _c24 cm. |
||
| 504 | _aBibliogr. s. 88. | ||
| 521 | _aSkrypt przeznaczony do ćwiczeń tablicowych z Podstaw metrologii dla studentów Wydziałów Mechanicznego oraz Oceanotechniki i Okrętownictwa. | ||
| 650 | 9 | _aTolerancje i pasowania | |
| 655 | _aPodręczniki akademickie | ||
| 700 | 1 | _aMELLER, Andrzej | |
| 020 | _a8386537094 | ||
| 040 | _cBPK | ||
| 041 | 0 | _apl | |
| 080 | _a621.753(075.8) | ||
| 920 | _a83-86537-09-4 | ||
| 942 | _cKS | ||
| 008 | s pl f |000 0 pol | ||
| 999 |
_c24846 _d24846 |
||
| 856 |
_uhttp://koha.tu.koszalin.pl/cgi-bin/koha/opac-detail.pl?biblionumber=24846 _yKatalog online BPK |
||